00719nam a2200217Ia 45000030006000000050017000060080041000230200018000640400009000820410012000910820024001031000020001272450062001472600044002093000008002535050032002616500062002939420007003559990017003629520122003790Nust20170105110246.0161124s9999 xx 000 0 und d a81-203-2174-x cIGIS aEnglish a363.702/01/121bGIS aClarke. Keith C aGeographic Information Systems and Environmental Modeling aNew DelhibPrentice Hall of Indiac2004 a306 a Environmental Modeling GIS aGeographic Information Systems and Environmental Modeling cBK c30430d30430 001040708TextaIGISbIGISd0000-00-00eP:Saeed book bankl0o363.702/01/121GISpIGIS20r2017-01-05w0000-00-00yBK